[Event "ROM-ch U12"]
[Site "Calimanesti Caciulata"]
[Date "2019.04.17"]
[Round "3"]
[White "Nicolae, Dan Stefan"]
[Black "Amariei, Matei Stefan"]
[Result "1-0"]
[WhiteElo "1491"]
[BlackElo "1151"]
[PlyCount "59"]
[EventDate "2019.04.15"]
[EventType "swiss"]
[EventRounds "9"]
[EventCountry "ROU"]
[SourceTitle "CBM 190 Extra"]
[Source "ChessBase"]
[SourceDate "2019.07.15"]
[SourceVersion "1"]
[SourceVersionDate "2019.07.15"]
[SourceQuality "1"]

1. d4 Nc6 2. Nf3 Nf6 3. g3 d5 4. Bg2 Bg4 5. 0-0 Qd7 6. Nbd2 h5 7. h4 g6 8. Nb3 Bh3 9. Ng5 Bxg2 10. Kxg2 Bh6 11. Nf3 Ne4 12. Bxh6 Rxh6 13. Qc1 Rh7 14. Ng5 Nxg5 15. Qxg5 0-0-0 16. c3 Rg8 17. Nc5 Qd6 18. b4 f6 19. Qe3 g5 20. hxg5 fxg5 21. Qe6+ Qxe6 22. Nxe6 h4 23. gxh4 gxh4+ 24. Kh3 Rh6 25. Nf4 e5 26. dxe5 Nxe5 27. Nxd5 Rd6 28. Ne7+ Kd7 29. Nxg8 Rg6 30. Rg1 1-0